02007cam a22004694i 4500003000900000005001700009008004100026020001800067020001500085035002000100040003300120049000900153082001700162100003400179245009200213264004000305300004200345336002100387337002500408338002300433504003300456505048800489526001000977526001000987526001000997526001001007526000801017526000801025526000801033526000801041526000801049526000801057526000801065650001801073910002801091942001401119994001401133596000601147999016301153980005501316952016601371PE-LiUPU20250731173113.0190103s2018 xxu r 001 0 eng d a9781426753183 a1426753187 a(Sirsi) a251286 aPE-LiUPUbspacPE-LiUPUerda aPRUA04a230bP122211 aPachuau, Lalsangkima,eautor.10aWorld Christianity :ba historical and theological introduction /cLalsangkima Pachuau. 1aNashville :bAbingdon Press,c2018. axv, 247 páginas ;c23 centímetros atext2rdacontent aunmediated2rdamedia avolume2rdacarrier aÍndice: páginas 237-247.0 aIntroduction: world Christianity and its studies -- Modernization, modern missions, and world Christianity -- Christian movements in the majority world -- Latin America and Africa -- Christian movements in the majority world: Part two: Asia and the Pacific Islands -- Contextualization, contextual theology, and global Christianity -- Contextual theologies in the majority world -- Christian mission in the new world of Christianity -- Conclusion: a highlight of the salient points. aSEG42 aSEG41 aSEG40 aSEG39 aP94 aP87 aP86 aP85 aP77 aP76 aP3504aChristianity. adbmbkslcksld20190103 2ddccBOOK aC0bPEPRU a1 a230 P12wDEWEYc30706i79779f2021-11-9g4lCCODEBUL1mBULp29.90r0sYtBOOKu2019-1-3xTEOLOGIAPP850COMPRA1FCOMPR2o.STAFF. Colección Teologíad30706 81gALBERTO SANCHEZ Responsable de Automatización r2025-12-03 00:00:00i5l0o230 P12p79779te1v34.90w2019-01-03xPGyBKzinventario-2023-12-13102ddc50708GENfP85aBULbBULcGENd2019-01-03eCOMPRAg29.90